000 01485cas a22002777a 4500
999 _c329975
_d329975
001 43873
003 UA-OsUOA
005 20191001111615.0
007 ta
008 200701d20062013un mr|p||00| 0 ukrcdukr d
040 _aUA-OsUOA
_bukr
_cUA-OsUOA
_dUA-OsUOA
041 _aukr
044 _aUA
080 _a82
090 _a82
_bК38
099 _a94978
110 _aЗасновник - ТОВ "Видавництво "Київська Русь"
245 _aКиївська Русь
_bлітературно-критичний часопис
_cгол. ред. Стус Д.
260 _aК.
_bКиївська Русь
310 _aщомісяця
520 _aВ журналі публікувалася сучасна велика та мала проза, поезія, есеї, інтерв'ю, рецензії, критичні огляди тощо. Друкуються твори відомих українських письменників-сучасників таких як Романа Скиби, Маріанни Кіяновської, Мирослава Лазарука, Тараса Григорчука, Олеся Коржа, Лесі Лисенко, Оксани Луцишиної, Олега Солов'я та інших. Головний редактор журналу — Дмитро Стус.
650 7 _a82 Література. Літературознавство
_2UDC
942 _cMG
_2udc
955 _a3
962 _d2006